000 00329 a2200109 4500
020 _a0750651032
082 _a624.1834 NEW
100 _aNewman, John
245 _aAdvanced Concrete Technology : Constituent Materials
_cEdited by John Newman
260 _aAmsterdam :
_bElsevier,
_c2003
300 _avarious Pages
_bill. ;
_c27 cm
650 _aconcrete Technology
999 _c944
_d944